Nghệ thuật chung sống của các cặp vợ chồng

Cuốn sách đúc kết những kiến thức cơ bản và nhiều kinh nghiệm đặc sắc giúp cho bạn đọc, đặc biệt là phụ nữ có sự hiểu biết để ứng xử trong quan hệ vợ chồng, sao cho hoà thuận vui vẻ, gia đình êm ấm....

詳細記述

保存先:
書誌詳細
第一著者: Nguyễn, An
フォーマット: 図書
言語:Undetermined
出版事項: Hà Nội Nhà xuất bản Hà Nội 2005
主題:
タグ: タグ追加
タグなし, このレコードへの初めてのタグを付けませんか!
Thư viện lưu trữ: Trung tâm Học liệu Trường Đại học Cần Thơ
LEADER 00942nam a2200205Ia 4500
001 CTU_112981
008 210402s9999 xx 000 0 und d
020 |c 29500 
082 |a 646.78 
082 |b A105 
100 |a Nguyễn, An 
245 0 |a Nghệ thuật chung sống của các cặp vợ chồng 
245 0 |c Nguyễn An 
260 |a Hà Nội 
260 |b Nhà xuất bản Hà Nội 
260 |c 2005 
520 |a Cuốn sách đúc kết những kiến thức cơ bản và nhiều kinh nghiệm đặc sắc giúp cho bạn đọc, đặc biệt là phụ nữ có sự hiểu biết để ứng xử trong quan hệ vợ chồng, sao cho hoà thuận vui vẻ, gia đình êm ấm. 
650 |a Interpersonal relations.,Intimacy ( Psychology ),Family living 
904 |i Minh 
980 |a Trung tâm Học liệu Trường Đại học Cần Thơ